| 000 | 00576nam a2200169Ia 4500 | ||
|---|---|---|---|
| 008 | 090711s9999 xx 000 0 und d | ||
| 082 | _b29187 | ||
| 100 | _aप्रफुल्ल दत्त | ||
| 245 | _aअशोकाSाी फुले | ||
| 260 |
_bलाखाणी बुक डेपो प्रकाशन _c1953 |
||
| 300 | _a92 | ||
| 600 | _aप्रफुल्ल दत्त | ||
| 630 | _aअशोकाSाी फुले | ||
| 700 | _aप्रफुल्ल दत्त | ||
| 730 | _aअशोकाSाी फुले | ||
| 942 | _cBOOK | ||
| 999 |
_c300046 _d300046 |
||